Polymeric multicomponent materials : an introduction /

Guardado en:
Autor Principal: Sperling, L. H. 1932-
Formato: Libro
Idioma:English
Publicado: New York : Wiley, c1997.
Materias:
Acceso en línea:Biografía del autor
Descripción
Tabla de contenido
Etiquetas: Agregar Etiqueta
Sin Etiquetas, Sea el primero en etiquetar este registro!
LEADER 01060pam a22002535a 4500
001 EIQ.libpla003648
008 970224s1997####nyua#####b####001#0#eng#d
005 20080222175846.0
245 1 0 |a Polymeric multicomponent materials :  |b an introduction /  |c L.H. Sperling. 
260 |a New York :  |b Wiley,  |c c1997. 
300 |a xviii, 397 p. :  |b il. ;  |c 25 cm. 
500 |a "A Wiley-Interscience publication." 
504 |a Incluye referencias bibliográficas e índice. 
020 |a 0471041386 (acid-free paper) 
100 1 |a Sperling, L. H.  |q (Leslie Howard),  |d 1932- 
082 0 0 |a 620.1/92  |2 21 
650 4 |a Polímeros  |x Compuestos poliméricos. 
650 4 |a Polymers  |x Polymeric composites. 
010 |a  97006509  
040 |a DLC  |c DLC  |d AR-BbSID 
856 4 2 |3 Biografía del autor  |u http://www.loc.gov/catdir/bios/wiley042/97006509.html 
856 4 2 |3 Descripción  |u http://www.loc.gov/catdir/description/wiley033/97006509.html 
856 4 1 |3 Tabla de contenido  |u http://www.loc.gov/catdir/toc/wiley022/97006509.html 
859 |a AR-BbSID  |b BIB. PLAPIQUI  |h 620.192  |i Sp 36  |p 5041